000 00558nam a2200193Ia 4500
005 20260114185842.0
008 008 260114s9999 xx 000 0 eng d
020 _a9781350934061
037 _aEBOOK
040 _aCRL
_beng
_cCRL
041 _aeng
_2eng
084 _qCRL
100 _aEddie Ronowicz
_9875188
245 0 _aEnglish: One Language, Different Cultures
260 _bBloomsbury
_c2007
856 _uhttps://doi.org/10.5040/9781350934061?locatt=label:secondary_bloomsburyCollections
942 _cEBOOK
999 _c1474122
_d1474122